La persecución religiosa en España

Gespeichert in:
Bibliographische Detailangaben
Format: Buch
Sprache:Spanisch
Veröffentlicht: Buenos Aires, Argentina Difusión 1937
Schlagworte:
Tags: Tag hinzufügen
Keine Tags, Fügen Sie den ersten Tag hinzu!

MARC

LEADER 00000nam a2200000 a 4500
001 UCH2684
003 CL-VaPUC
005 20250103100407.0
008 090624e19370000AG |||||||||||||||||spa|d
999 |c 334400  |d 334398 
040 |c Pontificia Universidad Católica de Valparaíso 
082 0 4 |a 272.9 PER 1937  |2 21 
245 1 3 |a La persecución religiosa en España 
260 |a Buenos Aires, Argentina  |b Difusión  |c 1937 
300 |a 147 páginas 
583 |a last modification  |c 20090624 00:00:00  |k Rodrigo Vera 
600 0 7 |a FRANCO, FRANCISCO  |2 CL-VaPUC  |9 313492 
650 7 |a PERSECUCIONES RELIGIOSAS  |2 CL-VaPUC  |9 537678  |z ESPAÑA 
650 0 |a Iglesia Católica  |z ESPAÑA  |9 256114 
650 0 |a Historia de España  |9 315435 
852 |a BIBCUR 
942 |c BK  |2 ddc 
945 |d 20090624 00:00:00  |a rbrito 
952 |0 0  |1 0  |2 ddc  |4 0  |6 272_900000000000000_PER_1937  |7 0  |8 X  |9 423391  |a FDOBUD  |b FDOBUD  |d 2019-11-22  |i 4558545  |o 272.9 PER 1937  |p 4558545  |r 2019-11-22  |t 1  |w 2019-11-22  |y BK_X  |k BUD